La Maravillosa vida de las plantas: una botánica para todos
Guardat en:
| Autor principal: | |
|---|---|
| Format: | Llibre |
| Idioma: | espanyol |
| Publicat: |
Barcelona
Labor
1942
|
| Edició: | 1a. ed |
| Col·lecció: | Colección libros de hoy
|
| Matèries: | |
| Etiquetes: |
Afegir etiqueta
Sense etiquetes, Sigues el primer a etiquetar aquest registre!
|
MARC
| LEADER | 00000nam a2200000 a 4500 | ||
|---|---|---|---|
| 001 | UCH6132 | ||
| 003 | CL-VaPUC | ||
| 008 | 091109e19420000SP |||||||||||||||||spa|d | ||
| 082 | 0 | 4 | |a 581 |b FRA |2 21 |
| 100 | 0 | |a Francé, R. H |e author |9 542513 | |
| 245 | 1 | 3 | |a La Maravillosa vida de las plantas: una botánica para todos |
| 250 | |a 1a. ed | ||
| 300 | |a 409 p | ||
| 942 | |c BK | ||
| 945 | |d 20091109 00:00:00 |a ccalabra | ||
| 260 | |a Barcelona |b Labor |c 1942 | ||
| 650 | 0 | |a Botánica |9 264202 | |
| 650 | 0 | |a Biología |9 262022 | |
| 650 | 0 | |a Ciencias naturales |9 260542 | |
| 650 | 0 | |a Fisiología de las plantas |9 426114 | |
| 650 | 0 | |a Anatomía de las plantas |9 473962 | |
| 650 | 7 | |a MORFOLOGIA DE LAS PLANTAS |2 CL-VaPUC |9 495848 | |
| 583 | |a last modification |c 20091109 00:00:00 |k Rodrigo Vera | ||
| 490 | 0 | |a Colección libros de hoy | |
| 999 | |c 337087 |d 337085 | ||